000
00217 a2200097 4500
001
48595
100
_a
Chant, C
245
_a
Aviation an illustrated history
260
_a
London
_b
Orbis pub
_c
090
_c
31522
_d
31522
942
_a
NUST-CAE
_c
M
_c
23917
999
_c
283668
_d
283668